Jaderná pěst VMF prioritní strategické zastrašování

Bibliographic Details
Main Author: Zajac, Ivan (Author, Delineator)
Format: Article
Language:Czech
PhysicalDescription:Fotografie, tabuľky
ISSN:1802-4823
Subjects:

MARC

LEADER 00000nab a2200000 4500
001 vtls011757047
003 SK-MaSNL
005 20260304214242.0
008 180518 2018 xo 000 0 cze
015 |a SNBRB2018/05  |2 LMAOSK 
040 |a LMAOSK  |b slo  |c LMAOSK  |e rda 
041 0 |a cze 
043 |a e-ru--- 
044 |a xo  |c SK 
072 7 |a 623  |x Vojenská technika  |2 konspekt 
080 |a 623.8/.9  |2 2011 
080 |a 629.585  |2 2011 
080 |a 623.827  |2 2011 
080 |a (046)  |2 2011 
100 1 |a Zajac, Ivan  |4 aut  |4 dln  |9 1084412 
245 1 0 |a Jaderná pěst VMF  |b prioritní strategické zastrašování  |c Ivan Zajac ; kresba autor ; foto Sevmaš, forums.airbase.ru, archív 
246 3 0 |a Prioritní strategické zastrašování 
300 |b Fotografie, tabuľky 
336 |a text  |b txt  |2 rdacontent 
337 |a bez média  |b n  |2 rdamedia 
338 |a zväzok  |b nc  |2 rdacarrier 
500 |a Obsahuje technické údaje. 
500 |a Kresba ruskej jadrovej ponorky Jurij Dolgorukij Projektu 09551 na str. 61 
500 |a Dokončenie. 
650 0 7 |a Jurij Dolgorukij (jadrová ponorka)  |2 LMAOSK  |9 1547873 
650 0 7 |a vojenské námorníctvo  |2 SNKPH  |9 68560 
650 0 7 |a ponorky  |2 SNKPH  |9 74979 
650 0 7 |a jadrové ponorky  |2 SNKPH  |9 74981 
651 7 |a Rusko  |2 SNKPH  |9 17250 
655 7 |a články  |2 SNKPH  |9 70601 
773 0 |t ATM  |g Roč. 50, č. 5 (2018), s. 58-63  |x 1802-4823 
852 |a LMAOSK  |b KIS3GCP 
958 |a NB 
999 |c 3140331  |d 3142261